L'ordre des mots (notice n° 1567114)

détails MARC
000 -LEADER
fixed length control field 01351cam a2200133 4500500
005 - DATE AND TIME OF LATEST TRANSACTION
control field 20251214002552.0
041 ## - LANGUAGE CODE
Language code of text/sound track or separate title fre
042 ## - AUTHENTICATION CODE
Authentication code dc
100 10 - MAIN ENTRY--PERSONAL NAME
Personal name Gardes Tamine, Joëlle
Relator term author
245 00 - TITLE STATEMENT
Title L'ordre des mots
260 ## - PUBLICATION, DISTRIBUTION, ETC.
Name of publisher, distributor, etc. Armand Colin,<br/>
Date of publication, distribution, etc. 2013.<br/>
520 ## - SUMMARY, ETC.
Summary, etc. L’ordre des mots est une des questions les plus complexes de la grammaire, parce qu’il ne constitue pas un phénomène isolé. Les étudiants en lettres et linguistique sont confrontés tout au long de leur parcours universitaire à cette question qui va du système à l’usage, de la proposition au discours et porte sur tous les niveaux de l’analyse linguistique : morphosyntaxe (il a en particulier à voir avec la question de l’accent), syntaxe (il est par exemple lié aux fonctions), sémantique (le lexique joue ainsi sur l’ordre du sujet par rapport au verbe), pragmatique (énonciation, répartition de l’information), construction du texte (il sert à fabriquer des figures, et il caractérise le style, en particulier parce qu’il est lié au genre de ce texte). POUR LES ÉTUDIANTS EN LETTRES, LINGUISTIQUE ET STYLISTIQUE 1 - Un cours avec des définitions et des exercices corrigés 2 - Des outils fondamentaux pour travailler à son rythme
856 41 - ELECTRONIC LOCATION AND ACCESS
Uniform Resource Identifier <a href="https://shs.cairn.info/l-ordre-des-mots--9782200288587?lang=fr&redirect-ssocas=7080">https://shs.cairn.info/l-ordre-des-mots--9782200288587?lang=fr&redirect-ssocas=7080</a>

Pas d'exemplaire disponible.

PLUDOC

PLUDOC est la plateforme unique et centralisée de gestion des bibliothèques physiques et numériques de Guinée administré par le CEDUST. Elle est la plus grande base de données de ressources documentaires pour les Étudiants, Enseignants chercheurs et Chercheurs de Guinée.

Adresse

627 919 101/664 919 101

25 boulevard du commerce
Kaloum, Conakry, Guinée

Réseaux sociaux

Powered by Netsen Group @ 2025